LDR 00919naa#a2200193#i#450# 001 RU\\bibl\118057 005 20260417230605.5 011 ## _a2782-4586 100 ## _a20260331b2026####ek#y0rusy0150####ca 102 ## _aRU 200 1# _aКадровый дефицит в здравоохранении: экономические издержки и пути решения через национальный проект «Кадры» _eЖурнальная статья 210 1# _aМосква _cУниверситет ИТБО _d2026 215 ## _a6 с. 608 ## _aЖурнальная статья _2local 675 ## _aЭкономические науки в целом. Политическая экономия. 330 _z 700 #1 _aКантемирова _gМира Аслангериевна 700 #1 _aДулаева _gДиана Алановна 700 #1 _aАлборов _gХетаг Хамыцевич 856 4# _azhpi.ru _u